[Event "NED-ch 2006 sf"]
[Site "Hilversum"]
[Date "2006.02.12"]
[Round "1.4"]
[White "Jonkman, Harmen"]
[Black "Wustefeld, Emile"]
[Result "1-0"]
[WhiteElo "2470"]
[BlackElo "2317"]
[PlyCount "55"]
[EventDate "2006.02.11"]
[Source "ChessBase"]
[SourceDate "2006.03.10"]

1. e4 e6 2. d4 d5 3. e5 c5 4. c3 Nc6 5. Nf3 Qb6 6. a3 Nh6 7. b4 cxd4 8. cxd4
Nf5 9. Bb2 Bd7 10. g4 Nh6 11. Rg1 Be7 12. Nc3 O-O 13. Na4 Qc7 14. Rc1 a6 15. g5
Nf5 16. Bd3 Qd8 17. Bxf5 exf5 18. Nc5 b6 19. Nd3 Rc8 20. Nf4 Nxb4 21. axb4
Bxb4+ 22. Kf1 a5 23. Kg2 Rxc1 24. Qxc1 Bb5 25. Ba3 Bxa3 26. Qxa3 Bc4 27. e6 Qc7
28. Ne5 1-0

[Event "NED-ch 2006 sf"]
[Site "Hilversum"]
[Date "2006.02.12"]
[Round "1.4"]
[White "Tondivar, Babak"]
[Black "De Vreugt, Dennis"]
[Result "1-0"]
[WhiteElo "2357"]
[BlackElo "2429"]
[PlyCount "113"]
[EventDate "2006.02.11"]
[Source "ChessBase"]
[SourceDate "2006.03.10"]

1. d4 Nf6 2. c4 e6 3. Nc3 Bb4 4. Qc2 O-O 5. a3 Bxc3+ 6. Qxc3 d6 7. Nf3 b6 8. e3
c5 9. dxc5 bxc5 10. Be2 a5 11. O-O Qc7 12. b3 Nbd7 13. Bb2 Bb7 14. Rfd1 Ra6 15.
Nd2 Re8 16. Bd3 e5 17. Bc2 Nf8 18. f3 Ng6 19. Nf1 Qe7 20. Rd2 Nh5 21. Ng3 Nxg3
22. hxg3 Nf8 23. Rad1 Qe6 24. Kf2 Nd7 25. Rd3 Nf6 26. R3d2 h6 27. e4 Nd7 28.
Rd3 Nf8 29. Qd2 Rd8 30. a4 Qe7 31. Bc3 Ne6 32. Bxe5 Bxe4 33. fxe4 Ng5 34. Rxd6
Raxd6 35. Bxd6 Nxe4+ 36. Bxe4 Qxe4 37. Qd3 Qg4 38. Qf3 Qc8 39. Rd5 Re8 40. Bxc5
Qe6 41. Be3 Rb8 42. Qf5 Qe7 43. Qe5 Qxe5 44. Rxe5 Rxb3 45. Rxa5 Rc3 46. c5 f5
47. Ra7 Kh7 48. Bd4 Rc2+ 49. Kf3 Kg6 50. Rxg7+ Kh5 51. Rd7 Ra2 52. c6 Ra3+ 53.
Ke2 Rxa4 54. c7 Rc4 55. Be5 Rc5 56. Kd3 Kg4 57. Rd8 1-0

[Event "NED-ch 2006 sf"]
[Site "Hilversum"]
[Date "2006.02.12"]
[Round "1.4"]
[White "Wemmers, Xander"]
[Black "Willemze, Jeroen"]
[Result "1-0"]
[WhiteElo "2411"]
[BlackElo "2398"]
[PlyCount "139"]
[EventDate "2006.02.11"]
[Source "ChessBase"]
[SourceDate "2006.03.10"]

1. d4 d5 2. c4 c6 3. Nf3 Nf6 4. Nc3 dxc4 5. e3 b5 6. a4 b4 7. Ne2 c5 8. Ng3 Ba6
9. dxc5 Qa5 10. Be2 Nbd7 11. O-O Nxc5 12. Nd4 e6 13. Bf3 Bb7 14. Bd2 Rc8 15.
Rc1 Bxf3 16. Qxf3 Nd3 17. Qb7 Qc5 18. Rc2 Be7 19. Nb3 Qc7 20. Qb5+ Qd7 21. Na5
Qxb5 22. axb5 Rc5 23. Rxc4 Rxb5 24. Rc8+ Bd8 25. Nc4 O-O 26. Ra1 Rb7 27. Kf1
Be7 28. Rxf8+ Bxf8 29. Ke2 Nc5 30. f3 Nb3 31. Ra6 Nxd2 32. Kxd2 g6 33. e4 Nd7
34. Na5 Rc7 35. Nb3 Bg7 36. Ra2 Ne5 37. Ne2 Nc4+ 38. Ke1 Nxb2 39. Ra5 Nc4 40.
Rb5 Bc3+ 41. Kf2 Nd2 42. Na5 Nc4 43. Nb3 a6 44. Rb8+ Kg7 45. Ra8 Rc6 46. Nf4
Nd2 47. Na5 b3 48. Nxc6 b2 49. Rb8 b1=Q 50. Rxb1 Nxb1 51. Ke2 Na3 52. Kd3 Ba1
53. Ne2 Nb5 54. Nc1 Bb2 55. Nb3 Ba3 56. Nb8 Nc7 57. Kc4 Kf6 58. Nd7+ Kg5 59.
Ne5 f6 60. Nd3 f5 61. Kd4 Bd6 62. g3 f4 63. e5 fxg3 64. exd6 g2 65. dxc7 g1=Q+
66. Kc3 Qxh2 67. c8=Q h5 68. Qd8+ Kh6 69. f4 Qg3 70. Qh8# 1-0

[Event "NED-ch 2006 sf"]
[Site "Hilversum"]
[Date "2006.02.12"]
[Round "1.5"]
[White "Jonkman, Harmen"]
[Black "Wustefeld, Emile"]
[Result "1-0"]
[WhiteElo "2470"]
[BlackElo "2317"]
[PlyCount "139"]
[EventDate "2006.02.11"]
[Source "ChessBase"]
[SourceDate "2006.03.10"]

1. e4 e6 2. d4 d5 3. e5 c5 4. c3 Nc6 5. Nf3 Qb6 6. a3 Nh6 7. b4 cxd4 8. cxd4
Nf5 9. Be3 Be7 10. Bd3 Bd7 11. Bxf5 exf5 12. Nc3 Be6 13. Na4 Qd8 14. h4 h6 15.
Rc1 Rc8 16. Nc5 b6 17. Nd3 O-O 18. h5 Qd7 19. Qd2 Kh7 20. O-O a5 21. b5 Na7 22.
a4 Ba3 23. Rxc8 Rxc8 24. Ra1 Bf8 25. Rc1 Rc4 26. Nb2 Rxc1+ 27. Qxc1 Qc8 28.
Qxc8 Nxc8 29. Nd3 Be7 30. Nf4 Ba3 31. Kf1 Kg8 32. Ke2 Kf8 33. Nd2 Ke8 34. Nb1
Bf8 35. Nc3 Ne7 36. Bc1 Kd7 37. Ba3 g5 38. Bxe7 Bxe7 39. Nfxd5 Bd8 40. g3 f4
41. Kf3 fxg3 42. fxg3 Bh3 43. Ne4 Bf1 44. Ndf6+ Ke6 45. Ng4 Bd3 46. Nc3 Be7 47.
Ke3 Bc2 48. d5+ Kf5 49. Nxh6+ Kxe5 50. Nxf7+ Kf6 51. Nh6 Bb4 52. Ne4+ Ke5 53.
Nf7+ Kxd5 54. Nfxg5 Ba3 55. Nc3+ Kc4 56. Kd2 Bf5 57. Nce4 Bf8 58. Ke3 Kb4 59.
Kf4 Bc8 60. Nf7 Kxa4 61. h6 Bxh6+ 62. Nxh6 Kxb5 63. Nd6+ Kb4 64. Nxc8 a4 65.
Nf5 a3 66. Nd4 a2 67. Nc2+ Kc3 68. Na1 Kb2 69. Nxb6 Kxa1 70. Na4 1-0

[Event "NED-ch 2006 sf"]
[Site "Hilversum"]
[Date "2006.03.18"]
[Round "2.1"]
[White "Jonkman, Harmen"]
[Black "Rothuis, Vincent"]
[Result "0-1"]
[WhiteElo "2470"]
[BlackElo "2342"]
[PlyCount "80"]
[EventDate "2006.02.11"]
[Source "ChessBase"]
[SourceDate "2006.11.23"]

1. e4 c5 2. c3 d5 3. exd5 Qxd5 4. Nf3 Nf6 5. d4 Bg4 6. dxc5 Qxd1+ 7. Kxd1 e5 8.
b4 e4 9. h3 Bh5 10. g4 Nxg4 11. hxg4 Bxg4 12. Nbd2 exf3 13. Bd3 Nd7 14. Re1+
Be7 15. Nc4 Be6 16. Bf4 g5 17. Bd6 h5 18. Kc2 g4 19. Be4 Bxc4 20. Bxb7 Be2 21.
Bxa8 Bxd6 22. cxd6 Ne5 23. Be4 Kd7 24. Rxe2 fxe2 25. Kd2 Kxd6 26. Kxe2 Rc8 27.
Rd1+ Ke6 28. Bd5+ Kf5 29. Rc1 h4 30. c4 Rd8 31. Ke3 h3 32. b5 g3 33. fxg3 Kg4
34. a4 h2 35. a5 Kxg3 36. b6 axb6 37. a6 b5 38. a7 Nxc4+ 39. Ke4 f5+ 40. Kxf5
Rxd5+ 0-1

[Event "NED-ch 2006 sf"]
[Site "Hilversum"]
[Date "2006.03.18"]
[Round "2.1"]
[White "L'Ami, Erwin"]
[Black "Berkvens, Joost"]
[Result "1-0"]
[WhiteElo "2550"]
[BlackElo "2423"]
[PlyCount "81"]
[EventDate "2006.02.11"]
[Source "ChessBase"]
[SourceDate "2006.11.23"]

1. d4 Nf6 2. c4 g6 3. Nc3 Bg7 4. e4 d6 5. Nf3 O-O 6. Be2 Bg4 7. Be3 Nfd7 8. Ng1
Bxe2 9. Ngxe2 c5 10. O-O a6 11. f3 Nc6 12. Qd2 Qa5 13. Rab1 cxd4 14. Nxd4 Nxd4
15. Bxd4 Rfc8 16. b3 b5 17. Bxg7 Kxg7 18. Qd4+ f6 19. Nd5 Qd8 20. Rfc1 Kf7 21.
b4 bxc4 22. Rxc4 e6 23. Ne3 Qb6 24. Rd1 Ke7 25. a3 a5 26. b5 Rab8 27. a4 Qxd4
28. Rcxd4 Nb6 29. Kf2 Rb7 30. Rxd6 Nxa4 31. Ra6 Nc3 32. Rdd6 Rxb5 33. Rxe6+ Kf7
34. Rxf6+ Kg7 35. Rfd6 Rb2+ 36. Kg3 Ne2+ 37. Kg4 Rc7 38. h4 Rf7 39. Nd5 Nd4 40.
Nf4 h5+ 41. Kg3 1-0

[Event "NED-ch 2006 sf"]
[Site "Hilversum"]
[Date "2006.03.18"]
[Round "2.1"]
[White "Leenhouts, Koen"]
[Black "Janssen, Ruud"]
[Result "1/2-1/2"]
[WhiteElo "2398"]
[BlackElo "2499"]
[PlyCount "87"]
[EventDate "2006.02.11"]
[Source "ChessBase"]
[SourceDate "2006.11.23"]

1. e4 e5 2. Nf3 Nf6 3. Nxe5 d6 4. Nf3 Nxe4 5. Bd3 Nf6 6. O-O Be7 7. c3 O-O 8.
Bc2 Bg4 9. d4 Nbd7 10. Nbd2 Re8 11. h3 Bh5 12. Re1 d5 13. Nf1 Bd6 14. Ne3 c6
15. g4 Bg6 16. Nf5 Qc7 17. Nxd6 Qxd6 18. Bxg6 fxg6 19. Ne5 Nxe5 20. Bf4 Nfd7
21. dxe5 Qe7 22. c4 Qf7 23. Bg3 dxc4 24. Qd4 Nf8 25. Rad1 g5 26. Qc5 a6 27. Rd6
h6 28. Re3 Re7 29. Re4 Rae8 30. h4 Ng6 31. h5 Nf4 32. Bxf4 gxf4 33. Qd4 c3 34.
bxc3 Qxa2 35. Rg6 c5 36. Qd3 Qf7 37. Qd6 Re6 38. Qxc5 Rxg6 39. hxg6 Qxg6 40.
Rxf4 Qe6 41. Re4 b6 42. Qe3 a5 43. Qe2 a4 44. Rxa4 1/2-1/2

[Event "NED-ch 2006 sf"]
[Site "Hilversum"]
[Date "2006.03.18"]
[Round "2.1"]
[White "Van der Wiel, John"]
[Black "Van Haastert, Edwin"]
[Result "1-0"]
[WhiteElo "2505"]
[BlackElo "2408"]
[PlyCount "71"]
[EventDate "2006.02.11"]
[Source "ChessBase"]
[SourceDate "2006.11.23"]

1. e4 c5 2. Nf3 d6 3. d4 cxd4 4. Nxd4 Nf6 5. Nc3 a6 6. Bg5 e6 7. f4 Qc7 8. Qf3
b5 9. Bxf6 gxf6 10. a3 Bb7 11. Rd1 h5 12. f5 e5 13. Nde2 Nd7 14. h4 Nb6 15. Ng3
O-O-O 16. Bd3 d5 17. Nxd5 Nxd5 18. exd5 Rxd5 19. Be4 Rxd1+ 20. Kxd1 Bh6 21.
Bxb7+ Qxb7 22. Qxb7+ Kxb7 23. Ke2 Rg8 24. Kf3 Rg4 25. Nxh5 Rd4 26. Nxf6 Rf4+
27. Ke2 Rxf5 28. Rf1 Rxf1 29. Kxf1 Bc1 30. h5 Kc6 31. Ke2 Bxb2 32. h6 e4 33.
Nxe4 Kd5 34. c3 Kxe4 35. Kd2 a5 36. Kc2 1-0

[Event "NED-ch 2006 sf"]
[Site "Hilversum"]
[Date "2006.03.18"]
[Round "2.1"]
[White "Visser, Yge"]
[Black "Hoeksema, Erik"]
[Result "1/2-1/2"]
[WhiteElo "2485"]
[BlackElo "2397"]
[PlyCount "85"]
[EventDate "2006.02.11"]
[Source "ChessBase"]
[SourceDate "2006.11.23"]

1. e4 d5 2. exd5 Qxd5 3. Nf3 Nf6 4. Be2 c5 5. Nc3 Qd8 6. d4 e6 7. Bf4 Nc6 8.
dxc5 Qxd1+ 9. Rxd1 Bxc5 10. Ne5 Nxe5 11. Bxe5 Bd7 12. Bf3 O-O-O 13. Rd3 Bc6 14.
Bxc6 bxc6 15. Rg3 Rhg8 16. Ke2 Nd7 17. Bf4 f5 18. Rd1 e5 19. Bg5 Rde8 20. Na4
Be7 21. Bxe7 Rxe7 22. Rc3 Kc7 23. Rd5 Nb6 24. Ra5 Ra8 25. Nc5 Nd5 26. Rb3 Kd6
27. c4 Nf4+ 28. Kf1 e4 29. g3 Ng6 30. Nb7+ Ke6 31. f3 exf3 32. Nc5+ Kf6 33.
Rxf3 Ne5 34. Rf4 Rd8 35. Ne4+ Kg6 36. Nf2 Rd2 37. b3 h5 38. h3 Rc2 39. Rd4 Kh7
40. Rf4 Kg6 41. Rd4 Kh7 42. Rf4 Kg6 43. Rd4 1/2-1/2

[Event "NED-ch 2006 sf"]
[Site "Hilversum"]
[Date "2006.03.18"]
[Round "2.1"]
[White "Wemmers, Xander"]
[Black "Smeets, Jan"]
[Result "1-0"]
[WhiteElo "2411"]
[BlackElo "2550"]
[PlyCount "83"]
[EventDate "2006.02.11"]
[Source "ChessBase"]
[SourceDate "2006.11.23"]

1. d4 d5 2. c4 c6 3. Nf3 Nf6 4. Qc2 g6 5. Bf4 Qb6 6. e3 Bf5 7. Qb3 Nbd7 8. h3
Bxb1 9. Rxb1 Qa5+ 10. Qc3 Qxa2 11. Qc2 Bg7 12. Bd3 Qa5+ 13. b4 Qd8 14. O-O a6
15. b5 dxc4 16. Bxc4 axb5 17. Bxf7+ Kxf7 18. Ng5+ Kg8 19. Qb3+ Nd5 20. e4 N7f6
21. Rfe1 Qd7 22. exd5 Nxd5 23. Re4 Bf6 24. Rbe1 b4 25. Bc1 Ra1 26. h4 Kg7 27.
Ne6+ Kf7 28. h5 Nc3 29. R4e3 Rb1 30. Ng5+ Ke8 31. Qf7+ Kd8 32. Nxh7 Rxh7 33.
Qxh7 gxh5 34. Rxc3 bxc3 35. Qxb1 Bxd4 36. Qe4 e5 37. Be3 Qg4 38. Bxd4 exd4 39.
Qe7+ Kc8 40. Ra1 Qd7 41. Ra8+ Kc7 42. Qe5+ 1-0

[Event "NED-ch 2006 sf"]
[Site "Hilversum"]
[Date "2006.03.19"]
[Round "2.2"]
[White "Berkvens, Joost"]
[Black "L'Ami, Erwin"]
[Result "1-0"]
[WhiteElo "2423"]
[BlackElo "2550"]
[PlyCount "77"]
[EventDate "2006.02.11"]
[Source "ChessBase"]
[SourceDate "2006.11.23"]

1. e4 e5 2. Bc4 Nf6 3. d3 Nc6 4. Nc3 Na5 5. Nge2 Nxc4 6. dxc4 d6 7. Bg5 Be7 8.
Qd3 Be6 9. Bxf6 Bxf6 10. c5 dxc5 11. Qb5+ c6 12. Qxb7 Qc8 13. Qxc8+ Rxc8 14.
Na4 Be7 15. b3 c4 16. Nb2 cxb3 17. axb3 Bb4+ 18. c3 Bd6 19. Nc4 Bxc4 20. bxc4
Rc7 21. Nc1 f6 22. Nd3 Kd7 23. Kd2 Kc8 24. Ra6 Rd8 25. Rb1 Bf8 26. Ke2 Rdd7 27.
Rba1 Kb8 28. c5 Rc8 29. R1a5 Rdc7 30. Nb4 Ka8 31. Kd3 Kb8 32. Kc4 Ka8 33. Nxc6
Rxc6 34. Rxa7+ Kb8 35. Ra8+ Kc7 36. Rxc8+ Kxc8 37. Ra8+ Kd7 38. Rxf8 Ra6 39.
Kd5 1-0

[Event "NED-ch 2006 sf"]
[Site "Hilversum"]
[Date "2006.03.19"]
[Round "2.2"]
[White "Ernst, Sipke"]
[Black "Tondivar, Babak"]
[Result "1-0"]
[WhiteElo "2478"]
[BlackElo "2357"]
[PlyCount "49"]
[EventDate "2006.02.11"]
[Source "ChessBase"]
[SourceDate "2006.11.23"]

1. d4 e6 2. c4 d5 3. Nc3 Be7 4. Nf3 Nf6 5. Bg5 h6 6. Bh4 O-O 7. e3 b6 8. Bd3
Bb7 9. O-O Nbd7 10. Qe2 c5 11. Bg3 Ne4 12. cxd5 exd5 13. Rad1 Qc8 14. a4 Ndf6
15. Ne5 Nxg3 16. hxg3 a6 17. f4 cxd4 18. exd4 Bb4 19. Rc1 Qe6 20. g4 Rfe8 21.
g5 Bxc3 22. Rxc3 Ne4 23. Bxe4 dxe4 24. gxh6 gxh6 25. Rc7 1-0

[Event "NED-ch 2006 sf"]
[Site "Hilversum"]
[Date "2006.03.19"]
[Round "2.2"]
[White "Hoeksema, Erik"]
[Black "Visser, Yge"]
[Result "0-1"]
[WhiteElo "2397"]
[BlackElo "2485"]
[PlyCount "75"]
[EventDate "2006.02.11"]
[Source "ChessBase"]
[SourceDate "2006.11.23"]

1. d4 Nf6 2. c4 g6 3. Nc3 Bg7 4. e4 d6 5. Bg5 O-O 6. Qd2 a6 7. Nf3 c6 8. h3 b5
9. a3 Bb7 10. Bd3 Nbd7 11. O-O e5 12. cxb5 axb5 13. d5 Nc5 14. dxc6 Bxc6 15.
Bc2 Qb8 16. Bxf6 Bxf6 17. b4 Ne6 18. Bb3 Nd4 19. Nxd4 exd4 20. Nd5 Bxd5 21.
Bxd5 Ra7 22. f4 Rc7 23. a4 bxa4 24. Rxa4 Qb6 25. Kh1 Qb5 26. Raa1 Rc3 27. Qa2
d3 28. Rad1 Qxb4 29. e5 dxe5 30. fxe5 Bxe5 31. Bxf7+ Kg7 32. Bd5 Rf4 33. Qa7+
Rc7 34. Qa8 d2 35. Qe8 Qe7 36. Qxe7+ Rxe7 37. Bf3 Rd4 38. g4 0-1

[Event "NED-ch 2006 sf"]
[Site "Hilversum"]
[Date "2006.03.19"]
[Round "2.2"]
[White "Janssen, Ruud"]
[Black "Leenhouts, Koen"]
[Result "0-1"]
[WhiteElo "2499"]
[BlackElo "2398"]
[PlyCount "72"]
[EventDate "2006.02.11"]
[Source "ChessBase"]
[SourceDate "2006.11.23"]

1. Nf3 b5 2. e4 Bb7 3. Bxb5 Bxe4 4. O-O Nf6 5. d4 e6 6. c4 Be7 7. Nc3 Bb7 8.
Re1 O-O 9. Ba4 d6 10. d5 e5 11. b4 c6 12. dxc6 Nxc6 13. a3 Rc8 14. Bg5 h6 15.
Bxf6 Bxf6 16. Nd5 Nd4 17. Nxf6+ Qxf6 18. Nxd4 exd4 19. Bc2 Qg5 20. f3 Rfe8 21.
Qd3 g6 22. Qxd4 Bxf3 23. Qf2 Rxe1+ 24. Rxe1 Rxc4 25. h4 Qxg2+ 26. Qxg2 Bxg2 27.
Bxg6 Bc6 28. Bf5 Rxh4 29. Re7 Rh5 30. Rc7 Rg5+ 31. Kh2 Bf3 32. Bd3 a5 33. b5
Rg2+ 34. Kh3 Rb2 35. Ra7 Bd5 36. Bf1 Rf2 0-1

[Event "NED-ch 2006 sf"]
[Site "Hilversum"]
[Date "2006.03.19"]
[Round "2.2"]
[White "Rothuis, Vincent"]
[Black "Jonkman, Harmen"]
[Result "1/2-1/2"]
[WhiteElo "2342"]
[BlackElo "2470"]
[PlyCount "152"]
[EventDate "2006.02.11"]
[Source "ChessBase"]
[SourceDate "2006.11.23"]

1. e4 g6 2. d4 c6 3. Nc3 d5 4. e5 h5 5. f4 Nh6 6. Nf3 Bg4 7. Be3 Nf5 8. Bf2 e6
9. h3 Bxf3 10. Qxf3 Qb6 11. O-O-O h4 12. Bd3 Nd7 13. Ne2 Qa5 14. Kb1 b5 15. g4
hxg3 16. Nxg3 Nh4 17. Qg4 Be7 18. Ne2 Rb8 19. Qg1 Nb6 20. Bxh4 Rxh4 21. f5 Nc4
22. fxe6 fxe6 23. Qxg6+ Kd7 24. Ka1 Ne3 25. Nc1 Nxd1 26. Rxd1 Qd8 27. Be2 Qg8
28. Qd3 Qh7 29. Bg4 Qxd3 30. Nxd3 Rf8 31. b3 b4 32. Kb2 Rh7 33. a4 bxa3+ 34.
Ka2 a5 35. c3 Rhf7 36. Be2 Rg7 37. Bg4 Rgf7 38. Be2 Rc8 39. Bg4 c5 40. dxc5
Bxc5 41. c4 d4 42. Nxc5+ Rxc5 43. Rxd4+ Ke7 44. Re4 Rg7 45. h4 Rh7 46. Be2 Rf7
47. h5 Rf5 48. h6 Rcxe5 49. h7 Rxe4 50. h8=Q Rxe2+ 51. Kxa3 Kf7 52. Qh7+ Kf6
53. Qh4+ Ke5 54. Ka4 Re3 55. Qh8+ Ke4 56. Qh1+ Rff3 57. Qh4+ Ke5 58. Qg5+ Kd4
59. Qd8+ Ke4 60. c5 Rxb3 61. c6 Rfc3 62. c7 Rb4+ 63. Kxa5 Rbc4 64. Qh4+ Kf5 65.
Qh5+ Kf6 66. Qh8+ Kf7 67. Qh5+ Ke7 68. Qg5+ Ke8 69. Qf6 Rc5+ 70. Kb4 R5c4+ 71.
Kb5 Rc5+ 72. Kb4 Rc6 73. c8=Q+ Rxc8 74. Qxe6+ Kf8 75. Qf6+ Kg8 76. Qxc3 Rxc3
1/2-1/2

[Event "NED-ch 2006 sf"]
[Site "Hilversum"]
[Date "2006.03.19"]
[Round "2.2"]
[White "Smeets, Jan"]
[Black "Wemmers, Xander"]
[Result "1-0"]
[WhiteElo "2550"]
[BlackElo "2411"]
[PlyCount "89"]
[EventDate "2006.02.11"]
[Source "ChessBase"]
[SourceDate "2006.11.23"]

1. e4 c5 2. Nf3 g6 3. d4 cxd4 4. Nxd4 Nc6 5. c4 Nf6 6. Nc3 d6 7. Be2 Nxd4 8.
Qxd4 Bg7 9. Be3 O-O 10. Qd2 Be6 11. O-O Qa5 12. b3 Ng4 13. Bd4 Bxd4 14. Qxd4
Qe5 15. Qxe5 Nxe5 16. f4 Nc6 17. Kf2 Rfc8 18. Ke3 f6 19. Rad1 Rab8 20. Rd2 Kf8
21. Rc1 a5 22. h4 Nb4 23. Rg1 Na6 24. g4 Nc5 25. f5 Bf7 26. g5 a4 27. b4 Nd7
28. Nd5 Bxd5 29. Rxd5 Nb6 30. Rd4 Kf7 31. Rb1 Rc7 32. c5 dxc5 33. bxc5 Nd7 34.
c6 Ne5 35. cxb7 a3 36. Rdb4 Rc2 37. Bd1 Rc3+ 38. Kd4 Rd3+ 39. Kc5 Rd6 40. Bb3+
Kg7 41. Rb5 Nd3+ 42. Kc4 gxf5 43. exf5 Rbd8 44. Kc3 Ne5 45. b8=Q 1-0

[Event "NED-ch 2006 sf"]
[Site "Hilversum"]
[Date "2006.03.19"]
[Round "2.2"]
[White "Solleveld, Maarten"]
[Black "De Jong, Jan Willem"]
[Result "1/2-1/2"]
[WhiteElo "2463"]
[BlackElo "2334"]
[PlyCount "85"]
[EventDate "2006.02.11"]
[Source "ChessBase"]
[SourceDate "2006.11.23"]

1. e4 c5 2. Nf3 d6 3. d4 cxd4 4. Nxd4 Nf6 5. Nc3 a6 6. f4 e5 7. Nf3 Nbd7 8. a4
Be7 9. Bc4 Qa5 10. Qe2 O-O 11. O-O exf4 12. Bxf4 Ne5 13. Bd5 Be6 14. Nxe5 dxe5
15. Bxe5 Bxd5 16. exd5 Rae8 17. Qd3 Bc5+ 18. Bd4 Qb6 19. Bxc5 Qxc5+ 20. Kh1 Re3
21. Qf5 Rfe8 22. Rad1 b5 23. axb5 axb5 24. d6 Qxf5 25. Rxf5 b4 26. Na2 b3 27.
cxb3 Rxb3 28. Rf2 Rb6 29. Rfd2 Ne4 30. d7 Rd8 31. Rc2 Kf8 32. Kg1 Ke7 33. Rd4
Nf6 34. Re2+ Re6 35. Kf2 Rxd7 36. Rxd7+ Kxd7 37. Rxe6 Kxe6 38. Nc3 Ke5 39. Kf3
g5 40. h3 Kd4 41. Nd1 h5 42. Ne3 Kd3 43. h4 1/2-1/2

[Event "NED-ch 2006 sf"]
[Site "Hilversum"]
[Date "2006.03.19"]
[Round "2.2"]
[White "Van Haastert, Edwin"]
[Black "Van der Wiel, John"]
[Result "1/2-1/2"]
[WhiteElo "2408"]
[BlackElo "2505"]
[PlyCount "37"]
[EventDate "2006.02.11"]
[Source "ChessBase"]
[SourceDate "2006.11.23"]

1. e4 c5 2. Nf3 Nc6 3. d4 cxd4 4. Nxd4 e5 5. Nb5 d6 6. N1c3 a6 7. Na3 b5 8. Nd5
Nf6 9. Bg5 Qa5+ 10. Bd2 Qd8 11. Nxf6+ Qxf6 12. Bd3 Qg6 13. O-O Be7 14. c4 Bg4
15. Be2 Bh3 16. Bf3 Nd4 17. Kh1 Bd7 18. cxb5 axb5 19. Re1 1/2-1/2

[Event "NED-ch 2006 sf"]
[Site "Hilversum"]
[Date "2006.03.19"]
[Round "2.3"]
[White "Berkvens, Joost"]
[Black "L'Ami, Erwin"]
[Result "1/2-1/2"]
[WhiteElo "2423"]
[BlackElo "2550"]
[PlyCount "133"]
[EventDate "2006.02.11"]
[Source "ChessBase"]
[SourceDate "2006.11.23"]

1. e4 e5 2. Bc4 Nf6 3. d3 Nc6 4. Nc3 Na5 5. Nge2 Nxc4 6. dxc4 Be7 7. Qd3 O-O 8.
Bg5 d6 9. Bxf6 Bxf6 10. Nd5 Bg5 11. Ng3 Be6 12. Nf5 g6 13. h4 Bf6 14. Nxf6+
Qxf6 15. Ne3 h5 16. O-O-O a6 17. f3 Kg7 18. Qc3 Rfd8 19. Kb1 Rd7 20. c5 dxc5
21. Rxd7 Bxd7 22. Qxc5 Bc6 23. Nc4 Re8 24. Na5 Rd8 25. Nxc6 bxc6 26. Qc3 Rd4
27. b3 Qd6 28. Kb2 c5 29. Re1 c4 30. Re3 Qb6 31. Re2 Qd6 32. Re3 c5 33. bxc4
Qe6 34. Qb3 Rd6 35. Qc3 Rb6+ 36. Kc1 Rb4 37. Rd3 Rxc4 38. Qb3 a5 39. a4 Rb4 40.
Qxe6 fxe6 41. c3 Rb8 42. Rd6 Kf6 43. Rc6 Rg8 44. g4 g5 45. hxg5+ Kxg5 46. gxh5
Kf4 47. Rxe6 c4 48. h6 Rg2 49. Rc6 Kxf3 50. Rxc4 Rh2 51. Rc6 Kxe4 52. Re6 Kd5
53. Ra6 e4 54. Rxa5+ Kc4 55. Re5 Kxc3 56. Rc5+ Kd3 57. Rd5+ Kc3 58. Rc5+ Kd4
59. Rc6 e3 60. Kd1 Kd3 61. Rd6+ Ke4 62. a5 Rh1+ 63. Ke2 Rh2+ 64. Kf1 e2+ 65.
Ke1 Ke3 66. Re6+ Kd3 67. Rd6+ 1/2-1/2

[Event "NED-ch 2006 sf"]
[Site "Hilversum"]
[Date "2006.03.19"]
[Round "2.3"]
[White "Smeets, Jan"]
[Black "Wemmers, Xander"]
[Result "1-0"]
[WhiteElo "2550"]
[BlackElo "2411"]
[PlyCount "145"]
[EventDate "2006.02.11"]
[Source "ChessBase"]
[SourceDate "2006.11.23"]

1. e4 c5 2. Nf3 g6 3. d4 cxd4 4. Nxd4 Nc6 5. c4 Nf6 6. Nc3 d6 7. Be2 Nxd4 8.
Qxd4 Bg7 9. Be3 O-O 10. Qd2 Be6 11. O-O Qa5 12. b3 Ng4 13. Bd4 Bxd4 14. Qxd4
Ne5 15. Qe3 Nd7 16. Kh1 Qc5 17. Qg3 Rac8 18. f4 Nf6 19. Bf3 Nh5 20. Bxh5 Qxh5
21. f5 Bd7 22. Nd5 Rfe8 23. f6 e5 24. Ne7+ Rxe7 25. fxe7 Re8 26. Rad1 Rxe7 27.
Rxd6 Bc6 28. Re1 Kg7 29. h3 a6 30. Kh2 Re8 31. b4 Re7 32. Rd2 Qh6 33. Rb2 b6
34. b5 axb5 35. cxb5 Bb7 36. a4 f6 37. Qe3 Rd7 38. Qxh6+ Kxh6 39. Ree2 Rd4 40.
Rbd2 Rxa4 41. Rd6 Kg5 42. Rf2 f5 43. exf5 gxf5 44. Rxb6 Be4 45. Re6 Rb4 46.
Rxe5 h5 47. Rd2 h4 48. Rc5 Kf4 49. Rf2+ Kg5 50. Re5 Rb1 51. Ra2 Kf4 52. Re8
Rxb5 53. Rh8 Kg5 54. Ra7 Rb2 55. Rg7+ Kf6 56. Rgg8 Kf7 57. Rg5 Kf6 58. Rgg8 Kf7
59. Rg5 Kf6 60. Rhg8 Ke5 61. Rh5 Rc2 62. Rxh4 Bd5 63. Rg6 Be4 64. Rh8 f4 65.
Re8+ Kd4 66. Rg4 Ke3 67. h4 Rc5 68. Rg5 Rc2 69. h5 f3 70. Rg4 Rxg2+ 71. Rxg2
fxg2 72. Kg1 Kf4 73. Rxe4+ 1-0

[Event "NED-ch 2006 sf"]
[Site "Hilversum"]
[Date "2006.03.19"]
[Round "2.3"]
[White "Solleveld, Maarten"]
[Black "De Jong, Jan Willem"]
[Result "1/2-1/2"]
[WhiteElo "2463"]
[BlackElo "2334"]
[PlyCount "88"]
[EventDate "2006.02.11"]
[Source "ChessBase"]
[SourceDate "2006.11.23"]

1. e4 e5 2. Nf3 Nc6 3. Bb5 a6 4. Ba4 Nf6 5. O-O Nxe4 6. d4 b5 7. Bb3 d5 8. dxe5
Be6 9. c3 Be7 10. Nbd2 Nc5 11. Bc2 d4 12. Nb3 d3 13. Bb1 Nxb3 14. axb3 Bf5 15.
Be3 O-O 16. Bd4 Qd5 17. Re1 d2 18. Re2 Bxb1 19. Rxb1 Nxd4 20. Nxd4 Bg5 21. b4
a5 22. bxa5 Rxa5 23. Qc2 Rd8 24. Rd1 c5 25. Nf3 Bh6 26. h4 Ra7 27. Nh2 Rad7 28.
g3 Qe6 29. Re4 Rd3 30. Ng4 Qf5 31. Nxh6+ gxh6 32. Re3 c4 33. Rxd3 Rxd3 34. Rxd2
Qxe5 35. Rxd3 Qe1+ 36. Kh2 cxd3 37. Qxd3 Qxf2+ 38. Kh3 Qxb2 39. Kg4 Qb3 40.
Qd8+ Kg7 41. Qd4+ Kg8 42. Kf4 Qe6 43. Qc5 Kg7 44. Kf3 Qb3 1/2-1/2

[Event "NED-ch 2006 sf"]
[Site "Hilversum"]
[Date "2006.03.19"]
[Round "2.4"]
[White "L'Ami, Erwin"]
[Black "Berkvens, Joost"]
[Result "1-0"]
[WhiteElo "2550"]
[BlackElo "2423"]
[PlyCount "109"]
[EventDate "2006.02.11"]
[Source "ChessBase"]
[SourceDate "2006.11.23"]

1. d4 Nf6 2. c4 g6 3. Nc3 Bg7 4. e4 d6 5. Nf3 O-O 6. Be2 Bg4 7. Be3 Nfd7 8. Ng1
Bxe2 9. Ngxe2 c5 10. O-O a6 11. Qd2 Nc6 12. Rfd1 cxd4 13. Nxd4 Nde5 14. b3 Ng4
15. Nxc6 bxc6 16. Bd4 Bxd4 17. Qxd4 Qa5 18. h3 Nf6 19. Rac1 Rfd8 20. Qe3 Nd7
21. Na4 Nc5 22. Nc3 Rd7 23. f4 Ne6 24. Rd2 Rb7 25. Na4 Nc5 26. Nxc5 Qxc5 27.
Qxc5 dxc5 28. Rcd1 Kg7 29. Rd7 Raa7 30. Rxb7 Rxb7 31. Rd8 h5 32. Kf2 Kf6 33.
Rc8 Rb6 34. h4 Ke6 35. Rc7 Kd6 36. Ra7 Ke6 37. Ke3 Kd6 38. g3 Ke6 39. Ke2 f6
40. Ke3 Kd6 41. Kd3 Ke6 42. Kc3 Kd6 43. Ra8 Ke6 44. Kc2 Kf7 45. Kb2 Ke6 46. Ka3
Kd6 47. Ka4 Rb7 48. Ka5 e5 49. Rd8+ Ke6 50. Kxa6 Rg7 51. Kb6 f5 52. exf5+ Kxf5
53. fxe5 Kxe5 54. a4 g5 55. Rh8 1-0

[Event "NED-ch 2006 sf"]
[Site "Hilversum"]
[Date "2006.03.19"]
[Round "2.4"]
[White "Wemmers, Xander"]
[Black "Smeets, Jan"]
[Result "0-1"]
[WhiteElo "2411"]
[BlackElo "2550"]
[PlyCount "65"]
[EventDate "2006.02.11"]
[Source "ChessBase"]
[SourceDate "2006.11.23"]

1. d4 d5 2. c4 c6 3. Nf3 Nf6 4. Qc2 e6 5. Bg5 Nbd7 6. e3 Qa5+ 7. Nbd2 Ne4 8.
Bh4 Bb4 9. Bd3 Ndf6 10. Bxf6 Nxd2 11. Nxd2 gxf6 12. a3 Bxd2+ 13. Qxd2 Qxd2+ 14.
Kxd2 dxc4 15. Bxc4 e5 16. d5 cxd5 17. Bxd5 Ke7 18. e4 Be6 19. Rac1 Bxd5 20.
exd5 Rad8 21. Rc7+ Rd7 22. Rhc1 Rg8 23. g3 Rg4 24. f4 exf4 25. gxf4 Rxf4 26.
Ke3 Rf5 27. Rxd7+ Kxd7 28. Ke4 Rf2 29. Rg1 Rxh2 30. Rg7 Ke7 31. b4 Rh4+ 32. Kf5
h5 33. Rg8 0-1